Edited works & collections on the Middle East : tables of contents and author index.
Saved in:
Corporate Author:
Format: Book
Language: English
Subjects:
Tags: Add Tag
No Tags, Be the first to tag this record!
Call Number: ( J )DS44 .Z99 E35
| LEADER | 00875nam a22002537a 4500 | ||
|---|---|---|---|
| 003 | OSt | ||
| 005 | 20250928085254.0 | ||
| 008 | 250928d19881995azu g p 000 0 eng d | ||
| 043 | |a aw----- | ||
| 050 | 1 | 4 | |a ( J )DS44 .Z99 |b E35 |
| 245 | 0 | 0 | |a Edited works & collections on the Middle East : |b tables of contents and author index. |
| 246 | 1 | 0 | |a Edited works and collections on the Middle East |
| 264 | 1 | |a Tuscon, Ariz : |b Middle East Studies Association of North America, |c 1988-1996. | |
| 300 | |a volumes ; |c 23 cm | ||
| 310 | |a Annual. | ||
| 336 | |a text |b txt |2 rdacontent | ||
| 337 | |a unmediated |b n |2 rdamedia | ||
| 338 | |a volume |b nc |2 rdacarrier | ||
| 362 | 0 | |a volume 1(1988)- | |
| 362 | 1 | |a Ceased with volume 8 in 1995. | |
| 651 | 0 | |a Middle East |v Bibliography |v Periodicals. | |
| 710 | 2 | |a Middle East Studies Association of North America. | |
| 942 | |c JL |2 lcc | ||
| 999 | |c 28161 |d 28161 | ||
